000 00294nam a2200121Ia 4500
008 190216s9999||||xx |||||||||||||| ||und||
100 _aDiwan Chand S
245 0 _aLiving Voices
260 _bBlackie Publishers & Distributors
_c1955
300 _a195p
650 _aEnglish Prose
942 _cBK
999 _c11608
_d11608